History Quiz

Random History Quiz

The Classical World in Pictures: B Quiz Stats

 Plays Quiz not verified by Sporcle

Score 0/16 Timer 05:00
0 Plays Today
Pictures Answer % Correct
Column IBabylon
81.9%
Column IBacchus
73.5%
Column IIBosporus
59%
Column IBalearic Islands
46.9%
Column IVBastet
39.5%
Column III(M. Junius) Brutus
34.7%
Column IIIBoukephalos
30.2%
Column IIIBoudica
28.2%
Pictures Answer % Correct
Column IIIBat
24.4%
Column IVSt. Basil of Caesarea
23.5%
Column IIBaths of Caracalla
15.9%
Column IIBellerophon
14.3%
Column IBehistun Inscription
4.6%
Column IIBriseis
4.6%
Column IVBaalbek
3.6%
Column IVBalbinus
2.8%

You're not logged in!

Compare scores with friends on all Sporcle quizzes.
Join for Free
OR
Log In

You Might Also Like...

Show Comments

Extras

Top Quizzes Today


Score Distribution

Your Account Isn't Verified!

In order to create a playlist on Sporcle, you need to verify the email address you used during registration. Go to your Sporcle Settings to finish the process.

Report this User

Report this user for behavior that violates our Community Guidelines.

Details: